| 000 | 00576pam a2200217 a 4500 | ||
|---|---|---|---|
| 001 | 4297263 | ||
| 005 | 20180104081828.0 | ||
| 008 | 860728s1987 mau b 101 0 eng | ||
| 010 | _a 86020133 | ||
| 020 | _a0674690087 (alk. paper) | ||
| 040 |
_aDLC _cDLC _dDLC |
||
| 041 | _aeng | ||
| 080 | _a304.6 WIL | ||
| 082 | 0 | 0 |
_a304.6 WIL _219 |
| 100 | _a42 | ||
| 101 | _aGJE | ||
| 245 | 0 | 0 |
_aPopulation in an interacting world / _cedited by William Alonso. |
| 504 | _aBibliography: p. [263]-277. | ||
| 906 |
_a7 _bcbc _corignew _d1 _eocip _f19 _gy-gencatlg |
||
| 942 |
_2ddc _cBK |
||
| 999 |
_c39750 _d39750 |
||